00744nam a2200217 a 450000100060000000300080000600500170001400800390003103500130007003500190008304000420010204100080014408200160015210000320016824501250020026000490032530000260037450400500040070000490045083000270049919628BD-RjUL20211209000445.0140225s1934 stk b 000 0 eng a34-37467 a(BD-RjUL)19688 aDLCcYNGdm.cdSERdEQOdBD-RjULbeng aeng a827.34bMAP1 aMarston, John,d1575?-1634.14aThe plays of John Marston /cedited by from the earliest texts with introduction and notes by H. Harvey WoodnVolume one aEdinburgh ;aLondon :bOliver & Boyd,c1934. axliv, 246 p. ;c22 cm a"Short list of authorities": v. 3, p. 322-3241 aWood, H. Harveyq(Henry Harvey),d1903-1977. 0aBlackfriars dramatists